MARC details
| 000 -CABECERA |
| campo de control de longitud fija |
02911nam a2200265 4500 |
| 005 - FECHA Y HORA DE LA ÚLTIMA TRANSACCIÓN |
| campo de control |
20260218123708.0 |
| 008 - ELEMENTOS DE LONGITUD FIJA--INFORMACIÓN GENERAL |
| campo de control de longitud fija |
260218c2025 sp|ar|p|o|||| 00| 0 spa d |
| 040 ## - FUENTE DE LA CATALOGACIÓN |
| Centro catalogador/agencia de origen |
MX-MxUPN |
| Lengua de catalogación |
spa |
| Centro/agencia transcriptor |
MX-MxUPN |
| Normas de descripción |
aacr2 |
| 100 1# - ASIENTO PRINCIPAL--NOMBRE PERSONAL |
| Nombre de persona |
Rubio Hernández, Francisco José |
| 9 (RLIN) |
58353 |
| 100 1# - ASIENTO PRINCIPAL--NOMBRE PERSONAL |
| Nombre de persona |
Olivo-Franco, José Luis |
| 9 (RLIN) |
51210 |
| 100 1# - ASIENTO PRINCIPAL--NOMBRE PERSONAL |
| Nombre de persona |
Tuesta Panduro, Juan Alfredo |
| 9 (RLIN) |
58825 |
| 245 1# - MENCIÓN DE TÍTULO |
| Título |
Impacto del uso del teléfono móvil en las estrategias de aprendizaje |
| Medio |
[recurso electrónico en línea] |
| 506 0# - NOTA DE RESTRICCIONES AL ACCESO |
| Limitaciones de acceso |
Acceso abierto |
| 520 3# - NOTA DE RESUMEN, ETC. |
| Sumario, etc. |
Se indagó la relación entre el uso del teléfono móvil (TM-S) y las estrategias de aprendizaje (EA) en una muestra de 1518 estudiantes universitarios peruanos. Se llevó a cabo una investigación cuantitativa de tipo encuesta, no experimental y diseño transversal. Se utilizaron medidas de tendencia central y se aplicaron las pruebas U de Mann-Whitney, H de Kruskal Wallis y el coeficiente de correlación de Spearman. Los resultados obtenidos revelaron que el uso inadecuado del TM-S estaba vinculado a un desempeño académico inferior, mayores niveles de distracción y más facilidad para comunicarse virtualmente en vez de cara a cara. Respecto a las EA, los encuestados presentaron mayores desafíos en el control emocional, la transferencia del conocimiento a nuevos contextos y la regulación de sus propios procesos de aprendizaje. Estas dificultades se manifestaron en una menor capacidad para preparar con la suficiente profundidad las tareas académicas o para concentrarse y reducir el nerviosismo durante los exámenes. Se observó que las mujeres y los estudiantes de ciertas carreras tendían a hacer un uso más adecuado del TM-S (en ciencias de la educación y humanidades) y a reportar mayores habilidades en el empleo de EA (en ingeniería). Por otro lado, se encontró una correlación negativa débil entre el uso problemático del TM-S y el uso adecuado de las EA. Esto indica que a medida que aumenta el uso problemático del TM-S, disminuye el uso de estrategias de aprendizaje efectivas. De este modo, los hallazgos subrayan la importancia de diseñar intervenciones educativas que promuevan el uso responsable del TM-S, el desarrollo de competencias digitales y la adquisición de habilidades de aprendizaje autónomo, lo cual podría contribuir a mejorar el rendimiento académico y a formar ciudadanos digitales más competentes. |
| 650 #4 - ASIENTO SECUNDARIO DE MATERIA - TERMINO TEMATICO |
| Término de materia o nombre geográfico como elemento de entrada |
Internet |
| 9 (RLIN) |
547 |
| 650 #4 - ASIENTO SECUNDARIO DE MATERIA - TERMINO TEMATICO |
| Término de materia o nombre geográfico como elemento de entrada |
Estrategias de aprendizaje |
| 9 (RLIN) |
16394 |
| 650 #0 - ASIENTO SECUNDARIO DE MATERIA - TERMINO TEMATICO |
| Término de materia o nombre geográfico como elemento de entrada |
Estudiantes universitarios |
| 9 (RLIN) |
9298 |
| 650 #2 - ASIENTO SECUNDARIO DE MATERIA - TERMINO TEMATICO |
| Término de materia o nombre geográfico como elemento de entrada |
Encuestas |
| 9 (RLIN) |
21054 |
| 653 ## - TERMINO DE INDIZACION - NO CONTROLADO |
| Término no controlado |
Teléfono móvil |
| 773 ## - ENLACE AL DOCUMENTO FUENTE/ENTRADA DE REGISTRO ANFITRIÓN |
| Parte(s) relacionada(s) |
Vol. 27, no. 1 (2025), p. 65–78 |
| Título |
Fuentes : revista de la Facultad de Ciencias de la Educación |
| Número Internacional Normalizado para Publicaciones Seriadas |
2172-7775 |
| 856 4# - LOCALIZACIÓN Y ACCESO ELECTRÓNICOS |
| Identificador Uniforme del Recurso |
<a href="https://revistascientificas.us.es/index.php/fuentes/article/view/24772">https://revistascientificas.us.es/index.php/fuentes/article/view/24772</a> |
| 856 4# - LOCALIZACIÓN Y ACCESO ELECTRÓNICOS |
| Identificador Uniforme del Recurso |
<a href="https://doi.org/10.12795/revistafuentes.2025.24772">https://doi.org/10.12795/revistafuentes.2025.24772</a> |
| 902 ## - ELEMENTOS DE DATOS B LOCAL, LDB (RLIN) |
| Creó |
Gloria Jiménez/180226 |
| 942 ## - ELEMENTOS DE PUNTO DE ACCESO ADICIONAL (KOHA) |
| Tipo de ítem Koha |
Artículo Electrónico |